00454nam a2200133 a 450000100100000000500170001000800410002704000250006824500370009326000410013030000270017195201050019899900170030300004377620201002044950.0140428s19uu dr a 000 0 spa d aDO-SdBNPbspacBNPHU00aBreve historia de la imprenta /. aSanto Domingo :bCorripio,c[190-?]. a23 p. :bil. ;c16 cm. 0010718PDaPDbPDcHDd2014-04-28iLF1l0o p43776-10r2020-06-25w2020-06-25yLFPDZNo se presta c43265d43265